When trumphets fade / (Record no. 109449)
[ view plain ]
| 000 -LEADER | |
|---|---|
| fixed length control field | 00835nam a2200157 a 4500 |
| 005 - DATE AND TIME OF LATEST TRANSACTION | |
| control field | 20140414093843.0 |
| 008 - FIXED-LENGTH DATA ELEMENTS--GENERAL INFORMATION | |
| fixed length control field | 090615s19uu xx 00 eng d |
| 050 ## - LIBRARY OF CONGRESS CALL NUMBER | |
| Classification number | DVD 791.43 |
| Item number | WHE 1993 |
| 100 ## - MAIN ENTRY--PERSONAL NAME | |
| Personal name | Irvin, John |
| 245 ## - TITLE STATEMENT | |
| Title | When trumphets fade / |
| Statement of responsibility, etc | John Irvin. |
| 500 ## - GENERAL NOTE | |
| General note | Running time: 89 mins. approx. ; Aspect ratio: 4:3 full frame ; |
| 520 ## - SUMMARY, ETC. | |
| Summary, etc | Private Manning hopes for a section 8 switch away from the frontline combat, but when he's the only survivor of his platoon, Captain Pritchett is so impressed he upgrades Manning to sergeant. This irritates Sgt. Talbot who views Manning as a coward. Manning is put in charge of a group of awkward recruits, including the clumsy Sanderson as the allies prepare to take a key location, a well-defended bridge. |
| 650 ## - SUBJECT ADDED ENTRY--TOPICAL TERM | |
| Topical term or geographic name as entry element | Motion pictures. |
| 942 ## - ADDED ENTRY ELEMENTS (KOHA) | |
| Koha item type | Audio Visual Materials |
| Withdrawn status | Lost status | Damaged status | Use restrictions | Home library | Current library | Shelving location | Date acquired | Source of acquisition | Cost, normal purchase price | Total Checkouts | Full call number | Barcode | Date last seen | Price effective from | Koha item type |
|---|---|---|---|---|---|---|---|---|---|---|---|---|---|---|---|
| Luxembourg Library | Luxembourg Library | Audio Visual Material Section | 06/15/2009 | 848.00 | DVD 791.43 WHE 1993 | AV1096 | 04/14/2014 | 04/14/2014 | Audio Visual Materials |